000 00634nam a2200205 a 4500
001 8107
003 CO-ViMGA
008 141112s2004 ck r 000 u spa d
020 _a9588052114
040 _aCO-ViMGA
_bspa
_cCO-ViMGA
082 0 4 _a498.25 R64L
100 1 _aRojas, Tulio Enrique
_97806
245 1 0 _aLa lengua paez :
_buna vision de su gramatica /
_cRojas Curieux Tulio Enrique
260 _aMinisterio de Cultura,
_c1997
300 _a528 p.
590 _aForma de adquisición : donacion - - Proveedor : Biblioteca Luis Ángel Arango
650 1 4 _aLINGUISTICA
650 1 4 _aPAEZ - GRAMATICA
_97807
942 _2ddc
_cBK
999 _c19922
_d19922